|
|
|
|
| LEADER |
00000nab a2200000 ar4500 |
| 001 |
vtls009154261 |
| 003 |
SK-MaSNL |
| 005 |
20260303064043.0 |
| 008 |
071029c2007 xo zr|p|||||||000 b|slo |
| 015 |
|
|
|a SNBRB2007/10
|2 snkbucl
|
| 038 |
|
|
|a SNKBUCL
|
| 040 |
|
|
|a SNKBUCL
|b slo
|c SNKBUCL
|e AACR2
|
| 041 |
0 |
|
|a slo
|
| 044 |
|
|
|a xo
|c SK
|
| 080 |
|
|
|a 27:061.2
|2 2001
|
| 100 |
1 |
|
|a Janek, Jozef,
|d 1912-1999
|4 aut
|9 38567
|
| 245 |
1 |
0 |
|a Misijná skupina Banská Štiavnica
|c Jozef Janek
|
| 610 |
2 |
7 |
|a Kresťanské spoločenstvo Milosť (Banská Štiavnica, Slovensko)
|2 snkbucl
|9 1062153
|
| 773 |
0 |
|
|t Logos
|g Roč. IV, č. 10 (2007), s. 27
|x 1335-7331
|
| 852 |
|
|
|a SNK
|b KIS3GCP
|
| 958 |
|
|
|a SK
|
| 958 |
|
|
|a NT
|
| 999 |
|
|
|c 1745538
|d 1747468
|